000 00481nam a2200181Ia 4500
005 20260429111845.0
008 260429s9999||||xx |||||||||||||| ||und||
020 _a9788180520884
041 _aEnglish
082 _a579
_bSHA
100 _aSharma, Kanika
245 0 _aManual of microbiology :
_btools and techniques /
_cKanika Sharma
250 _a2nd ed.
260 _aNew Delhi :
_bAne Books,
_c2025.
300 _axvi, 443 p.; hb
650 _aMicrobiology
942 _cTB
999 _c51160
_d51160